000 00707nam a2200217Ia 4500
003 OSt
005 20251119125455.0
008 221004b |||||||| |||| 00| 0 san d
037 _cTB
040 _aCRL
_cCRL
_bsan
041 _2san
_asan
084 _bCRL
100 _aबाणभट्ट
_9852316
245 0 _aकादम्बरी - छाया
246 _aKādambarī - chhāyā
260 _aरोहतक, भारत:
_bबनसल बंधु प्रकाशन,
_c1967.
300 _a110पृ0
_ccm.
650 _aसंस्कृत साहित्य
_9852317
942 _hO15,3D60,1:g, K7
_cTB
_2cc
_n0
999 _c1022959
_d1022959